000 00942cam a2200253 a 4500
001 000013013
003 DO-SdBNP
005 20250722121309.0
008 871013s1985 ve a 000 0 spa
010 _a87406004
020 _a9802650145
040 _aDO-SdBNP
_bspa
_cBNPHU
043 _as-ve---
100 1 _aVegas, Rafael.
_919799
245 1 0 _aRafael Vegas y la infancia abandonada en Venezuela, 1938-1950 /
_crecopilacion, Maria Abigail Salgado ; fotografia del Dr. Rafael Vegas, Fina Gomez.
260 _aCaracas, Venezuela :
_b[s.n.],
_c1985
_e(Caracas :
_fEditorial Arte)
300 _a288 p. :
_bill. (some col.) ;
_c21 x 24 cm.
650 0 _aNiños abandonados
_zVenezuela
_xHistoria
_953650
650 0 _a Niños
_x Atención institucional
_zVenezuela.
_930014
650 7 _a Bienestar infantil
_zVenezuela.
_929988
700 1 _aSalgado, Maria Abigail.
_930015
910 _aCatalogación por copia / LC
942 _2ddc
_cLBS1
999 _c12660
_d12660